000 00262pam a2200121 a 4500
020 _c
041 _aeng
100 _aJohn Tennant.
245 _aA Hand Book Of English Usage
_hTextual Documents
260 _a[s.l]:
_bLogman
300 _a184p.
930 _a15289
999 _c92189
_d92189